000
00304nam a2200133Ia 4500
008
240624s9999 xx 000 0 und d
041
_a
eng
082
_a
330 KHI
100
_a
KHILNANI SUNIL
245
_a
IDEA OF INDIA
260
_c
2004
_a
New Delhi
_b
Penguin Books
300
_a
264 : p.
365
_c
RS
999
_c
17139
_d
17139